000
00301nam a22001217a 4500
020
_a
0735712018
082
_2
22
_a
005.72
100
_a
Zeldman, Jeffrey.
245
_a
Designing with web standards /
260
_a
USA,
_b
New Riders,
_c
c2003.
300
_a
xviii, 436p. ;
_b
ill. ;
_c
23 cm.
942
_2
ddc
_c
IT
999
_c
1888
_d
1888